LDR 00988naa#a2200205#i#450# 001 RU\\bibl\124526 005 20260602044620.2 011 ## _a2588-0209 100 ## _a20260601b2026####ek#y0rusy0150####ca 102 ## _aRU 200 1# _aЭнергосбережение ходовой системы широкозахватной дождевальной машины _eЖурнальная статья 210 1# _aМосква _cЭлектронная наука _d2026 215 ## _a24 с. 608 ## _aЖурнальная статья _2local 675 ## _aУстройства для опрыскивания. Дождевальные аппараты. Стволы дождевальных аппаратов. Насадки. 631.347.3 _z 700 #1 _aРязанцев _gАнатолий Иванович 700 #1 _aЕвсеев _gЕвгений Юрьевич 700 #1 _aАнтипов _gАлексей Олегович 700 #1 _aМалько _gИгорь Валерьевич 856 4# _aqje.su _u